The seven crystal balls / (Record no. 49842)
| 000 -LEADER | |
|---|---|
| fixed length control field | 00640pam a2200193 i 4500 |
| 001 - CONTROL NUMBER | |
| control field | 016714309 |
| 005 - DATE AND TIME OF LATEST TRANSACTION | |
| control field | 20260130144324.0 |
| 020 ## - INTERNATIONAL STANDARD BOOK NUMBER | |
| International Standard Book Number | 9781405275248 (pbk.) : |
| 041 1# - LANGUAGE CODE | |
| Language code of text/sound track or separate title | eng |
| Language code of original and/or intermediate translations of text | fre |
| 100 0# - MAIN ENTRY--PERSONAL NAME | |
| Personal name | Hergé, |
| Dates associated with a name | 1907-1983, |
| Relator term | author, |
| -- | artist. |
| 245 14 - TITLE STATEMENT | |
| Title | The seven crystal balls / |
| Statement of responsibility, etc | Hergé. |
| 260 ## - PUBLICATION, DISTRIBUTION, ETC. (IMPRINT) | |
| Place of publication, distribution, etc | London: |
| Name of publisher, distributor, etc | Egmont; |
| Date of publication, distribution, etc | 2012. |
| 300 ## - PHYSICAL DESCRIPTION | |
| Extent | 62 p. |
| Other physical details | col. ill. |
| Dimensions | 29 cm. |
| 490 0# - SERIES STATEMENT | |
| Series statement | The adventures of Tintin; |
| 500 ## - GENERAL NOTE | |
| General note | Translated from the French. |
| 650 #0 - SUBJECT ADDED ENTRY--TOPICAL TERM | |
| Topical term or geographic name as entry element | Tintin (Fictitious character). |
| Form subdivision | Comic books, strips, etc. |
| -- | Juvenile fiction. |
| 9 (RLIN) | 50912 |
| 655 #7 - INDEX TERM--GENRE/FORM | |
| Genre/form data or focus term | Children's stories |
| Form subdivision | Comic books, strips, etc. |
| 9 (RLIN) | 52813 |
| 942 ## - ADDED ENTRY ELEMENTS (KOHA) | |
| Source of classification or shelving scheme | |
| Koha item type | Books/GRAPHICS |
| Withdrawn status | Lost status | Source of classification or shelving scheme | Damaged status | Not for loan | Collection code | Home library | Current library | Shelving location | Date acquired | Full call number | Barcode | Date last seen | Price effective from | Koha item type |
|---|---|---|---|---|---|---|---|---|---|---|---|---|---|---|
| SECONDARY | Asian Hope Secondary Library | Asian Hope Secondary Library | SECONDARY | 12/05/2025 | J GRAPHIX HER | 208586 | 12/05/2025 | 12/05/2025 | Books/GRAPHICS |